Sociálno-ekonomické postavenie rodiny. 2

Faktory, ktoré ovplyvňujú populačné správanie mladých rodín v súčasnosti. Reálne príjmy domácností. Vysoké ekonomické zaťaženie rodiny. Ekonomické podmienky rodín s deťmi. Podmienky na založenie rodiny. Možnosti na ovplyvňovanie populačného vývoja. Hľadanie nových systémov sociálnej ochrany obyvateľ...

Descripción completa

Guardado en:
Detalles Bibliográficos
Formato: Capítulo de libro
Lenguaje:eslovaco
Materias:
Etiquetas: Agregar Etiqueta
Sin Etiquetas, Sea el primero en etiquetar este registro!

MARC

LEADER 00000naa a2200000 4500
001 r025908
005 20230825080156.4
041 0 |a slo 
044 |a SK 
245 1 0 |a Sociálno-ekonomické postavenie rodiny. 2 
520 |a Faktory, ktoré ovplyvňujú populačné správanie mladých rodín v súčasnosti. Reálne príjmy domácností. Vysoké ekonomické zaťaženie rodiny. Ekonomické podmienky rodín s deťmi. Podmienky na založenie rodiny. Možnosti na ovplyvňovanie populačného vývoja. Hľadanie nových systémov sociálnej ochrany obyvateľstva. 
610 2 0 |a rodina 
610 2 0 |a správanie sociálne 
610 2 0 |a domácnosti 
610 2 0 |a podmienky sociálne 
610 2 0 |a vývoj populačný